000 00502nam a2200217Ia 4500
008 210210b2010 xxu||||| |||| 00| 0 eng d
020 _a9788189866723
041 _aeng
082 _a621 MITA
100 _aMITTAL (P K)
245 _aApplied physics Ed 2
250 _a
260 _aND
_bI K International Publishing House Pvt. Ltd.
_c2010
300 _axiv,402
650 _aphysics
650 _aEd
650 _aApplied
650 _a2
690 _aApplied Physics
906 _a068897
999 _c153012
_d153012